| 000 | 00804nam a2200229 a 4500 | ||
|---|---|---|---|
| 999 |
_c12502 _d12502 |
||
| 001 | 12502 | ||
| 003 | BD-JhCC | ||
| 005 | 20220314124755.0 | ||
| 008 | 220314b20132020bg |||| ||a| 001 0 ben d | ||
| 020 | _a9789848921067 | ||
| 035 | _a(BD-JhCC)12502 | ||
| 040 |
_aBD-JhCC _dBD-JhCC |
||
| 041 | _aBengali | ||
| 082 |
_a297.18 _bALI 2020 |
||
| 100 | _aআলী, ড. আহমদ | ||
| 245 |
_aখালীফাতু রাসূলিল্লাহ আবূ বাকর আছ্ছিদ্দীক রাদিআল্লাহু আনহু / _cড. আহমদ আলী। |
||
| 260 |
_aঢাকা : _bবাংলাদেশ ইসলামিক সেন্টার; _c২০২০. |
||
| 300 |
_a840 p. : _c24 cm. |
||
| 650 | _aMuslim Legend | ||
| 942 |
_2ddc _cBK |
||